00355nam a2200133Ia 4500008004100000020001800041040002900059050002800088100002300116245003100139260002900170942000700199999001500206230104s9999||||xx |||||||||||||| ||und|| a0-07-296472-3 cChuka University Library a BSL HF 5821 bA74 2006 aArens, Williams F. 0aContemporary Adverstising  aMcGrawhillbBostonc2006 cBK c4685d4685